Câu đối toàn thư: Luận văn thi tập - Lời hay ý đẹp
nội dung sách gồm 102 cặp câu đối Việt ngữ, hàm chưa nhiều thư mục đã nêu bật cùng với các kiến thức phổ thông về đạo hạnh làm người.
Spremljeno u:
| Glavni autor: | |
|---|---|
| Format: | Knjiga |
| Jezik: | Vietnamese |
| Izdano: |
H.
Hội Nhà văn
2022
|
| Teme: | |
| Oznake: |
Dodaj oznaku
Bez oznaka, Budi prvi tko označuje ovaj zapis!
|
| Thư viện lưu trữ: | Thư viện Trường Đại học Nam Cần Thơ |
|---|
| LEADER | 00955nam a22001937a 4500 | ||
|---|---|---|---|
| 001 | NCT_148580 | ||
| 008 | 230410b xxu||||| |||| 00| 0 vie d | ||
| 999 | |c 7655 |d 7655 | ||
| 020 | |a 9786043197150 |c sách tặng | ||
| 082 | 0 | 4 | |2 23rd ed. |a 398.2 |b Nh464 |
| 100 | 1 | |a Phạm Bá Nhơn | |
| 245 | 1 | 0 | |a Câu đối toàn thư: |b Luận văn thi tập - Lời hay ý đẹp |c Phạm Bá Nhơn |
| 260 | |a H. |b Hội Nhà văn |c 2022 | ||
| 300 | |a 396 tr. |c 23cm | ||
| 520 | 3 | |a nội dung sách gồm 102 cặp câu đối Việt ngữ, hàm chưa nhiều thư mục đã nêu bật cùng với các kiến thức phổ thông về đạo hạnh làm người. | |
| 653 | |a Tham khảo | ||
| 942 | |2 ddc |c BK | ||
| 952 | |0 0 |1 0 |2 ddc |4 0 |6 398_200000000000000_NH464 |7 0 |9 27509 |a 000001 |b 000001 |d 2023-04-10 |o 398.2 Nh464 |p TK.03258 |r 2023-04-10 |w 2023-04-10 |y BK | ||
| 980 | |a Thư viện Trường Đại học Nam Cần Thơ | ||


